Amici per le vie /
Saved in:
| Hovedforfatter: | |
|---|---|
| Andre forfattere: | , |
| Format: | Bog |
| Sprog: | italiensk |
| Udgivet: |
Firenze :
Galleria l'Indiano,
stampa 1976
|
| Fag: | |
| Tags: |
Ingen Tags, Vær først til at tagge denne postø!
|
MARC
| LEADER | 00000nam a22000007i 4500 | ||
|---|---|---|---|
| 001 | IT\ICCU\RAV\0089270 | ||
| 003 | ItRI | ||
| 005 | 20260115232336.0 | ||
| 008 | 900207s1976 it |||||| ||||| |||||c | ||
| 015 | |2 IT |a 769141 | ||
| 040 | |b ita |c importazione bologna sebina | ||
| 041 | 7 | |a ita |2 ISO-639-2 | |
| 082 | |a 853.91 |9 NARRATIVA ITALIANA. SEC. 20. |2 17 | ||
| 082 | |a 853.91 |2 18 | ||
| 100 | 1 | |a Santi, Piero, |d (1912-1990) |0 IT\ICCU\MILV\218707 |4 aut | |
| 245 | 1 | 0 | |a Amici per le vie / |c Piero Santi ; [con] 18 illustrazioni di Guttuso, Treccani. |
| 260 | |a Firenze : |b Galleria l'Indiano, |c stampa 1976 | ||
| 300 | |a 144 p. : |b ill. ; |c 22 cm. | ||
| 650 | 7 | |a Narrativa italiana |x Sec. 20. | |
| 700 | 1 | |a Treccani, Ernesto |0 IT\ICCU\CFIV\003688 | |
| 700 | 1 | |a Guttuso, Renato |0 IT\ICCU\CFIV\003777 | |
| 942 | |2 ddc |c BK |n 0 | ||
| 952 | |0 0 |1 0 |4 0 |6 DOC_853_912000000000000_SAN |7 0 |9 24495 |a BO |b BO |d 2026-01-15 |i 1087 |l 0 |o DOC 853.912 SAN |p BO1087 |r 2026-01-15 23:23:36 |w 2026-01-15 |x [Sebina 5] [1 v.] |y BK |z 1 v. | ||
| 999 | |c 20845 |d 20845 | ||